| 000 | 00971pam a2200313 a 4500 | ||
|---|---|---|---|
| 999 |
_c231069 _d231069 |
||
| 001 | ocm07283947 | ||
| 005 | 20180308102951.0 | ||
| 008 | 810220r19951981nyua j 000 1 eng | ||
| 010 | _a 81001401 | ||
| 020 |
_a0688802710 : _c$8.95 |
||
| 020 |
_a0688842712 (lib. bdg.) : _c$7.63 |
||
| 020 | _a0688148492 | ||
| 020 | _a0688092411 (Mulberry pbk) | ||
| 020 | _a0590400630 (paper) | ||
| 020 | _a068813954X (hc) | ||
| 020 | _a9780688139544 | ||
| 035 | _a1368 | ||
| 035 | _a(OCoLC)7283947 | ||
| 040 |
_aDLC _cDLC _dDAD _dOCoLC _erda |
||
| 092 | _aeasy | ||
| 100 | 1 |
_aKalan, Robert. _94478 |
|
| 245 | 1 | 0 |
_aJump, frog, jump! / _cby Robert Kalan ; pictures by Byron Barton. |
| 250 | _a1st ed. | ||
| 260 |
_aNew York : _bGreenwillow Books, _c1995, c1981. |
||
| 264 |
_aNew York : _bGreenwillow Books, _c1995, c1981. |
||
| 336 | _abook | ||
| 337 | _abook | ||
| 338 | _abook | ||
| 490 | 1 | _aMulberry paperback. | |
| 520 | _aA cumulative tale in which a frog tries to catch a fly without getting caught itself. | ||
| 650 | 0 |
_aFrogs _vJuvenile fiction. _95683681 |
|
| 700 | 1 |
_aBarton, Byron. _911169 |
|
| 830 | 0 |
_aMulberry paperback. _95741982 |
|
| 907 | _a.b347697690 | ||
| 942 |
_2ddc _cBOOK |
||